| 000 | 003360000a22001450004500 | ||
|---|---|---|---|
| 003 | MACL | ||
| 040 | _aMACL | ||
| 090 |
_c41473 _d41471 |
||
| 100 | _aTaimni, I K | ||
| 245 | _aGlimpses into The Psychology of Yoga | ||
| 260 |
_bThe Theosophical Publishing House _c2007 |
||
| 350 | _a245 | ||
| 650 | _aPsychology | ||
| 942 |
_cBOOK _k150/TAI |
||
| 999 |
_c41032 _d41032 |
||